[Event "St Petersburg Korchnoi Memorial op"]
[White "Zheleznov, Egor"]
[Black "Benko, Larisa"]
[Site "St Petersburg"]
[Round "9"]
[Result "1-0"]
[Date "2024.08.22"]
[WhiteElo "1000"]
[BlackElo "1414"]
[PlyCount "73"]
[EventDate "2024.08.17"]
[EventType "swiss"]
[EventRounds "9"]
[EventCountry "RUS"]
[SourceTitle "EXT 2025"]
[Source "ChessBase"]
[SourceDate "2024.10.14"]
[SourceVersion "1"]
[SourceVersionDate "2024.10.14"]
[SourceQuality "1"]

1. c4 e5 2. Nc3 c6 3. g3 Nf6 4. Bg2 Bc5 5. Nf3 Ng4 6. 0-0 d6 7. e3 Be6 8. b3 Qf6 9. Ne4 Qe7 10. Nxc5 dxc5 11. Bb2 Nd7 12. d4 0-0-0 13. Qe2 h5 14. h3 Ngf6 15. dxe5 Ne4 16. Ne1 Ng5 17. Kh2 h4 18. g4 f5 19. exf6 gxf6 20. f4 Qd6 21. Rd1 Qc7 22. Kh1 Nh7 23. a4 Rhg8 24. Bf3 f5 25. g5 Rde8 26. Ng2 Nxg5 27. fxg5 Qg3 28. Nf4 Qxg5 29. Rg1 Qh6 30. Rxg8 Rxg8 31. Rg1 Re8 32. Rg6 Qh7 33. Rxe6 Rg8 34. Qf2 Rf8 35. Qg2 Qf7 36. Qg6 Rg8 37. Qxf7 1-0

[Event "St Petersburg Korchnoi Memorial op"]
[White "Igumnov, Nikita"]
[Black "Zheleznov, Egor"]
[Site "St Petersburg"]
[Round "4"]
[Result "1-0"]
[Date "2024.08.18"]
[WhiteElo "1725"]
[BlackElo "1000"]
[PlyCount "95"]
[EventDate "2024.08.17"]
[EventType "swiss"]
[EventRounds "9"]
[EventCountry "RUS"]
[SourceTitle "CBM 221 Extra"]
[Source "ChessBase"]
[SourceDate "2024.09.30"]
[SourceVersion "1"]
[SourceVersionDate "2024.09.30"]
[SourceQuality "1"]

1. e4 c5 2. Nf3 d6 3. d4 cxd4 4. Nxd4 Nf6 5. f3 e5 6. Nb3 d5 7. Bg5 Be7 8. Bxf6 Bxf6 9. Qxd5 Qxd5 10. exd5 e4 11. c3 exf3 12. gxf3 b6 13. Bb5+ Bd7 14. Bxd7+ Nxd7 15. N1d2 Bh4+ 16. Ke2 0-0-0 17. Nd4 g6 18. Ne4 Nb8 19. c4 Rhe8 20. Kd3 f5 21. Ng3 Na6 22. Nc6 Rd7 23. Rhe1 Nc5+ 24. Kc2 Rxe1 25. Rxe1 f4 26. Re8+ Kc7 27. Ne2 Bg5 28. Ned4 a6 29. b4 Bf6 30. bxc5 Bxd4 31. Nxd4 bxc5 32. Ne6+ Kb6 33. Rb8+ Ka7 34. Rc8 g5 35. Rxc5 h6 36. Rc7+ Rxc7 37. Nxc7 Kb7 38. Ne6 Kc8 39. Kd3 Kd7 40. c5 Ke7 41. Ke4 Kf6 42. c6 Ke7 43. Ke5 h5 44. d6+ Ke8 45. d7+ Kf7 46. d8Q g4 47. Qf8+ Kg6 48. Qg7# 1-0